000 01775ncm0a2200349 4500
001 RU\NLR\ONIZ\194774
005 20250614044306.0
021 _aRU
_b10-197н
_910-16н
035 _aRU\NLR\ONIZ\lanatalya\5000000580\20111001194774
035 _a(NLR Aleph) 010403355
071 2 0 _a16243
090 _a9718134
_c9718134
100 _a20111001d2010 |||y0rusy50 ca
101 0 _aeng
_arus
102 _aRU
125 _azx
200 1 _a125 упражнений в пассажах
_bНоты
_eдля фп.
_eсоч. 261
_d125 exercises in passage playing
_efor piano
_eop. 261
_fК. Черни
_zeng
210 _aМосква
_cМузыка
_d2010
215 _a79 с.
_d29 см
313 _aСистематизация документа проведена по изданию - Методика классифицирования музыкальных произведений (нотных изданий) по таблицам Библиотечно-библиографических классификаций : метод. рекомендации / Гос. б-ка СССР им. В.И. Ленина.- М., 1977. Индексу ББК методических рекомендаций присваивается код ББК для научных библиотек - LBC/SL
686 _aЩ954.294(4А)я44
_vLBC/SL
_2rubbk
700 1 _9z01790
_aЧерни
_bК.
_f1791-1857
_gКарл
_4230
_7ca
790 1 _9z01700
_aCzerny
_bC.
_f1791-1857
_gCarl
_4230
_7ba
801 0 _aRU
_bNLR
_c20111001
_gPSBO
801 1 _aRU
_bNLR
_c20111001
_2rusmarc
801 2 _aRU
_bNLR
_c20190630
852 _aNLR
_bМ
_jК-3/24613
_pМОЭ 2010-16н/197н
_t1
852 _aNLR
_bМ
_jК-3/24613а
_pМОЭ 2010-16н/197на
_t2
942 _cSCORE
980 _aNB
980 _aONIZ